[Event "FIDE World Uni Blitz-C 1st"]
[Site "Tornelo INT"]
[Date "2021.03.13"]
[Round "4.31"]
[White "Porsia, Pietro"]
[Black "Knox, Christopher"]
[Result "0-1"]
[WhiteElo "1709"]
[BlackElo "2187"]
[PlyCount "122"]
[EventDate "2021.03.13"]
[EventType "swiss (blitz)"]
[EventRounds "10"]
[EventCountry "NET"]
[SourceTitle "EXT 2022"]
[Source "ChessBase"]
[SourceDate "2021.10.06"]
[SourceVersion "1"]
[SourceVersionDate "2021.10.06"]
[SourceQuality "1"]

1. d4 Nf6 2. Nf3 c5 3. g3 b6 4. Bg2 Bb7 5. 0-0 e6 6. c4 cxd4 7. Qxd4 Nc6 8. Qd1 Be7 9. Nc3 0-0 10. Bf4 a6 11. e4 d6 12. Qc2 Qc7 13. Rfd1 Rac8 14. Rac1 Rfd8 15. b4 Nxb4 16. Qb3 Nc6 17. Rb1 Na5 18. Qxb6 Qxb6 19. Rxb6 Rxc4 20. Rd3 Nxe4 21. Nxe4 Bxe4 22. Rd1 Rc6 23. Rb4 Bd5 24. Nd4 Bxg2 25. Kxg2 Rc4 26. Rxc4 Nxc4 27. Nc6 Re8 28. Nxe7+ Rxe7 29. Bxd6 Rd7 30. Rb1 f6 31. Bc5 Rd2 32. a3 Rd5 33. Bb4 a5 34. Be1 Nxa3 35. Rb8+ Kf7 36. Ra8 Nc4 37. Ra7+ Kg6 38. Kf3 e5 39. h4 h5 40. Kg2 Rd1 41. Bxa5 Ra1 42. Bb6 Rxa7 43. Bxa7 e4 44. Bd4 Kf5 45. f3 Nd2 46. fxe4+ Kxe4 47. Bf2 Nf3 48. Kh3 Ne5 49. Kg2 Ng4 50. Bb6 Ne3+ 51. Kh3 Kf3 52. Bc7 Nf1 53. Bd6 g5 54. hxg5 fxg5 55. Be7 g4+ 56. Kh4 Nxg3 57. Bd6 Nf5+ 58. Kxh5 Nxd6 59. Kh4 Ne4 60. Kh5 g3 61. Kh4 g2 0-1

[Event "Titled Tuesday intern op 01st Sept"]
[Site "Chess.com INT"]
[Date "2020.09.01"]
[Round "4"]
[White "Knox, Christopher"]
[Black "Chumpitaz Carbajal, Ann"]
[Result "1-0"]
[WhiteElo "2187"]
[BlackElo "2244"]
[PlyCount "43"]
[EventDate "2020.09.01"]
[EventType "swiss (blitz)"]
[EventRounds "10"]
[EventCountry "USA"]
[SourceTitle "CBM 198 Extra"]
[Source "ChessBase"]
[SourceDate "2020.11.30"]
[SourceVersion "1"]
[SourceVersionDate "2020.11.30"]
[SourceQuality "1"]

1. d4 Nf6 2. Nf3 g6 3. Nc3 d5 4. Bf4 Bg7 5. e3 0-0 6. Be2 b6 7. Ne5 Bb7 8. h4 h5 9. g4 Nbd7 10. gxh5 Nxe5 11. Bxe5 c5 12. Rg1 cxd4 13. Qxd4 e6 14. hxg6 fxg6 15. Rxg6 Kf7 16. h5 Rh8 17. 0-0-0 Qe7 18. Rdg1 Rag8 19. Nb5 Ne8 20. Bxg7 Rh7 21. Qf4+ Nf6 22. Nd6+ 1-0

[Event "Titled Tuesday intern op 01st Sept"]
[Site "Chess.com INT"]
[Date "2020.09.01"]
[Round "2"]
[White "Knox, Christopher"]
[Black "Ostojic, Katarina"]
[Result "1-0"]
[WhiteElo "2187"]
[BlackElo "2029"]
[PlyCount "55"]
[EventDate "2020.09.01"]
[EventType "swiss (blitz)"]
[EventRounds "10"]
[EventCountry "USA"]
[SourceTitle "CBM 198 Extra"]
[Source "ChessBase"]
[SourceDate "2020.11.30"]
[SourceVersion "1"]
[SourceVersionDate "2020.11.30"]
[SourceQuality "1"]

1. d4 d5 2. Nf3 Nf6 3. c4 dxc4 4. e3 e6 5. Bxc4 c5 6. 0-0 a6 7. a4 Nc6 8. Nc3 Be7 9. b3 0-0 10. Bb2 cxd4 11. exd4 Nb4 12. Qe2 Nbd5 13. Ne4 Nxe4 14. Qxe4 Bf6 15. h4 g6 16. h5 Bg7 17. hxg6 hxg6 18. Ba3 Re8 19. Rfe1 Nf6 20. Qh4 Bd7 21. Ng5 Bc6 22. Nxe6 fxe6 23. Rxe6 Bd5 24. Rd6 Qa5 25. b4 Qxa4 26. Rxd5 Nxd5 27. Bxd5+ Kf8 28. b5+ 1-0

[Event "Titled Tuesday intern op 01st Sept"]
[Site "Chess.com INT"]
[Date "2020.09.01"]
[Round "8"]
[White "Knox, Christopher"]
[Black "Pniaczek, Marek"]
[Result "1-0"]
[WhiteElo "2187"]
[BlackElo "2145"]
[PlyCount "49"]
[EventDate "2020.09.01"]
[EventType "swiss (blitz)"]
[EventRounds "10"]
[EventCountry "USA"]
[SourceTitle "CBM 198 Extra"]
[Source "ChessBase"]
[SourceDate "2020.11.30"]
[SourceVersion "1"]
[SourceVersionDate "2020.11.30"]
[SourceQuality "1"]

1. d4 Nf6 2. Nf3 e6 3. e3 d5 4. Bd3 Bd6 5. b3 0-0 6. Nbd2 b6 7. Bb2 Bb7 8. 0-0 Nbd7 9. Ne5 c5 10. f4 Ne4 11. Nxe4 dxe4 12. Bc4 cxd4 13. Nxd7 Qxd7 14. Qxd4 f5 15. Rad1 Rad8 16. Ba3 Bxa3 17. Qxd7 Rxd7 18. Rxd7 Bc6 19. Bxe6+ Kh8 20. Rxa7 Bc5 21. Re1 g5 22. Rc7 gxf4 23. Rxc6 fxe3 24. Rxc5 bxc5 25. Rxe3 1-0

[Event "Titled Tuesday intern op 18th Aug"]
[Site "Chess.com INT"]
[Date "2020.08.18"]
[Round "1"]
[White "Schrik, Rachid"]
[Black "Knox, Christopher"]
[Result "1/2-1/2"]
[WhiteElo "2198"]
[BlackElo "2187"]
[PlyCount "142"]
[EventDate "2020.08.18"]
[EventType "swiss (blitz)"]
[EventRounds "10"]
[EventCountry "USA"]
[SourceTitle "CBM 197 Extra"]
[Source "ChessBase"]
[SourceDate "2020.09.30"]
[SourceVersion "1"]
[SourceVersionDate "2020.09.30"]
[SourceQuality "1"]

1. d4 e6 2. c4 b6 3. Nf3 Bb7 4. a3 f5 5. Nc3 Nf6 6. Bg5 Be7 7. e3 Ne4 8. Nxe4 Bxe4 9. Bxe7 Qxe7 10. Be2 0-0 11. 0-0 d6 12. Nd2 Bb7 13. Bf3 Bxf3 14. Qxf3 Nd7 15. Qc6 Nf6 16. Rfe1 e5 17. b4 a5 18. c5 axb4 19. axb4 Rxa1 20. Rxa1 exd4 21. exd4 Qe2 22. Nf3 Ne4 23. Rf1 bxc5 24. dxc5 dxc5 25. bxc5 Qc4 26. Qxc7 Qxc5 27. Qxc5 Nxc5 28. Rc1 Ne4 29. Rc2 Rd8 30. g3 h6 31. h4 Nf6 32. Kg2 Ng4 33. Nh2 Nf6 34. Rc5 g6 35. Rc2 Rd1 36. Nf3 Ng4 37. Re2 Kg7 38. Ne5 Nf6 39. Nf3 Ne4 40. Ne5 Kf6 41. Nf3 g5 42. hxg5+ hxg5 43. Nh2 Rd3 44. Nf1 Nc3 45. Re3 Rxe3 46. Nxe3 Ke5 47. Nc4+ Kd5 48. Ne3+ Ke4 49. Nc4 Nb5 50. Nd2+ Ke5 51. Nf3+ Kf6 52. Nd2 Nd6 53. Nf3 Ne4 54. Ne1 Ke5 55. Nd3+ Kd4 56. Ne1 Nd2 57. Nf3+ Nxf3 58. Kxf3 Kd3 59. Kg2 Ke2 60. Kg1 Ke1 61. Kg2 Ke2 62. Kg1 Kf3 63. Kf1 f4 64. gxf4 Kxf4 65. Kg2 g4 66. Kg1 Kf3 67. Kf1 Ke4 68. Kg2 Kf4 69. Kg1 Kf3 70. Kf1 g3 71. fxg3 Kxg3 1/2-1/2

[Event "Titled Tuesday intern op 18th Aug"]
[Site "Chess.com INT"]
[Date "2020.08.18"]
[Round "7"]
[White "Zong, Davis Jr"]
[Black "Knox, Christopher"]
[Result "0-1"]
[WhiteElo "2129"]
[BlackElo "2187"]
[PlyCount "34"]
[EventDate "2020.08.18"]
[EventType "swiss (blitz)"]
[EventRounds "10"]
[EventCountry "USA"]
[SourceTitle "CBM 197 Extra"]
[Source "ChessBase"]
[SourceDate "2020.09.30"]
[SourceVersion "1"]
[SourceVersionDate "2020.09.30"]
[SourceQuality "1"]

1. c4 e6 2. Nc3 f5 3. d4 Bb4 4. Qc2 Nf6 5. Bg5 0-0 6. Nf3 b6 7. e3 Bb7 8. Bd3 Qe8 9. 0-0 Bxf3 10. Bxf6 Qg6 11. g3 Rxf6 12. e4 Qg4 13. Rfe1 fxe4 14. Bxe4 Bxe4 15. Rxe4 Qf5 16. Qe2 Bxc3 17. bxc3 Qf3 0-1

[Event "Titled Tuesday intern op 4th Aug 10am"]
[Site "Chess.com INT"]
[Date "2020.08.04"]
[Round "5"]
[White "Kairbekova, Amina"]
[Black "Knox, Christopher"]
[Result "0-1"]
[WhiteElo "2065"]
[BlackElo "2187"]
[PlyCount "46"]
[EventDate "2020.08.04"]
[EventType "swiss (blitz)"]
[EventRounds "10"]
[EventCountry "USA"]
[SourceTitle "CBM 197 Extra"]
[Source "ChessBase"]
[SourceDate "2020.09.30"]
[SourceVersion "1"]
[SourceVersionDate "2020.09.30"]
[SourceQuality "1"]

1. e4 e6 2. d4 d5 3. Nc3 Nf6 4. e5 Nfd7 5. f4 c5 6. Nf3 Nc6 7. Be3 cxd4 8. Nxd4 Bc5 9. Qd2 Nxd4 10. Bxd4 Bxd4 11. Qxd4 Qb6 12. Qd2 a6 13. 0-0-0 0-0 14. Kb1 f6 15. Nxd5 exd5 16. Qxd5+ Kh8 17. e6 Nc5 18. e7 Re8 19. Bd3 Be6 20. Qd4 Rxe7 21. Rhe1 Rae8 22. Ka1 Qa5 23. b4 Qxa2# 0-1

[Event "Titled Tuesday intern op 16th June"]
[Site "Chess.com INT"]
[Date "2020.06.16"]
[Round "9"]
[White "Swicarz, Maciej"]
[Black "Knox, Christopher"]
[Result "1-0"]
[WhiteElo "2325"]
[BlackElo "2187"]
[PlyCount "155"]
[EventDate "2020.06.16"]
[EventType "swiss (blitz)"]
[EventRounds "10"]
[EventCountry "USA"]
[SourceTitle "EXT 2021"]
[Source "ChessBase"]
[SourceDate "2020.10.23"]
[SourceVersion "1"]
[SourceVersionDate "2020.10.23"]
[SourceQuality "1"]

1. c4 Nf6 2. Nc3 d6 3. g3 Nbd7 4. Bg2 e5 5. e4 Be7 6. Nge2 0-0 7. 0-0 c6 8. d4 Qc7 9. h3 h6 10. Be3 Rd8 11. Qc2 Nf8 12. Rfd1 Ng6 13. Rac1 Be6 14. b3 c5 15. d5 Bd7 16. f4 Qc8 17. f5 Nf8 18. g4 N6h7 19. Rf1 Bg5 20. Qd2 f6 21. Ng3 Be8 22. Kh2 a6 23. a4 a5 24. Nb5 b6 25. Nh1 Kf7 26. Kg3 Ke7 27. h4 Bxe3 28. Qxe3 Kd7 29. Bh3 Qb7 30. Nf2 Kc8 31. Rg1 Qe7 32. Rcf1 Kb7 33. Kf3 Ka6 34. Ke2 Rab8 35. Kd3 Rb7 36. Nd1 g5 37. fxg6 Nxg6 38. Qg3 Nf4+ 39. Kd2 Bg6 40. Nbc3 Rg8 41. Ne3 Qf8 42. Qf3 Rf7 43. Rg3 Rfg7 44. Rfg1 Qf7 45. Bf1 Nf8 46. Bd3 Nd7 47. Ne2 Nxe2 48. Qxe2 Bh7 49. Qf3 h5 50. gxh5 Rxg3 51. Rxg3 Rxg3 52. Qxg3 Qxh5 53. Qg7 Nb8 54. Qxf6 Qg6 55. Qxg6 Bxg6 56. Nf5 Bxf5 57. exf5 Nd7 58. h5 Nf6 59. h6 Kb7 60. Be2 Kc7 61. Bh5 Ne4+ 62. Kd3 Ng5 63. Bg6 Kd7 64. h7 Nxh7 65. Bxh7 Ke7 66. Ke4 Kf6 67. Bg6 Kg5 68. Be8 Kf6 69. Bh5 Kg5 70. Be2 Kf6 71. Bd3 Kg5 72. Kf3 Kf6 73. Kg4 Ke7 74. Be4 Kf7 75. Kg5 Kg7 76. f6+ Kf7 77. Kf5 Ke8 78. Ke6 1-0

[Event "CAN-ch University"]
[Site "Kingston"]
[Date "2016.01.10"]
[Round "4"]
[White "Lo, Ryan"]
[Black "Knox, Christopher"]
[Result "0-1"]
[WhiteElo "2190"]
[BlackElo "2311"]
[PlyCount "56"]
[EventDate "2016.01.09"]
[EventType "swiss"]
[EventRounds "5"]
[EventCountry "CAN"]
[SourceTitle "EXT 2022"]
[Source "ChessBase"]
[SourceDate "2021.10.06"]
[SourceVersion "1"]
[SourceVersionDate "2021.10.06"]
[SourceQuality "1"]

1. d4 Nf6 2. c4 e6 3. Nc3 Bb4 4. e3 0-0 5. Bd3 d5 6. Nf3 c5 7. 0-0 dxc4 8. Bxc4 Nbd7 9. Qe2 a6 10. a3 Ba5 11. Bd2 b5 12. Ba2 Bb6 13. Rad1 Bb7 14. dxc5 Nxc5 15. Bb1 Nb3 16. e4 Nxd2 17. Rxd2 Qe7 18. e5 Nd5 19. Qe4 g6 20. Nxd5 Bxd5 21. Qf4 f6 22. Rxd5 exd5 23. Qh4 Rae8 24. exf6 Qxf6 25. Qh6 Re2 26. Ba2 Rd8 27. Rd1 Rxb2 28. Rxd5 Rxa2 0-1

[Event "Pan American Intercollegiate-chT"]
[Site "Cleveland"]
[Date "2015.12.28"]
[Round "2"]
[White "Zherebukh, Yaroslav"]
[Black "Knox, Christopher"]
[Result "1-0"]
[WhiteElo "2614"]
[BlackElo "2155"]
[PlyCount "85"]
[EventDate "2015.12.27"]
[EventType "team-swiss"]
[EventRounds "6"]
[EventCountry "USA"]
[SourceTitle "CBM 170 Extra"]
[Source "ChessBase"]
[SourceDate "2016.02.25"]
[SourceVersion "1"]
[SourceVersionDate "2016.02.25"]
[SourceQuality "1"]
[WhiteTeam "Texas Tech II"]
[BlackTeam "Toronto Univ"]
[WhiteTeamCountry "USA"]
[BlackTeamCountry "USA"]

1. d4 Nf6 2. Nf3 e6 3. Bg5 Be7 4. Nbd2 d5 5. e3 b6 6. Bd3 Bb7 7. Ne5 0-0 8. 0-0 Ne4 9. Bxe7 Qxe7 10. Bxe4 dxe4 11. a4 f6 12. Nec4 Nd7 13. c3 f5 14. b4 Rf6 15. f4 exf3 16. Nxf3 Rh6 17. Qe1 Nf6 18. Nce5 Qe8 19. c4 Qh5 20. Ra2 Ng4 21. h3 Rf8 22. hxg4 fxg4 23. Nh4 Rxf1+ 24. Qxf1 Rf6 25. Qe1 g5 26. Nhg6 hxg6 27. Qg3 Qh4 28. Qxh4 gxh4 29. Nxg4 Rf8 30. a5 Ra8 31. a6 Bc6 32. d5 exd5 33. cxd5 Be8 34. Rc2 Rc8 35. d6 c6 36. Ne5 Rd8 37. d7 Bxd7 38. Rd2 Re8 39. Nxd7 Rxe3 40. Nxb6 Rb3 41. Rd8+ Kf7 42. Rd7+ Ke6 43. Rxa7 1-0

[Event "CAN-ch U18"]
[Site "Montreal"]
[Date "2014.07.17"]
[Round "6"]
[White "Li, Kevin"]
[Black "Knox, Christopher"]
[Result "1/2-1/2"]
[WhiteElo "2285"]
[BlackElo "2294"]
[PlyCount "66"]
[EventDate "2014.07.15"]
[EventType "swiss"]
[EventRounds "7"]
[EventCountry "CAN"]
[SourceTitle "EXT 2022"]
[Source "ChessBase"]
[SourceDate "2021.10.06"]
[SourceVersion "1"]
[SourceVersionDate "2021.10.06"]
[SourceQuality "1"]

1. e4 c5 2. Nf3 g6 3. d4 cxd4 4. Nxd4 Nc6 5. c4 Bg7 6. Be3 Nf6 7. Nc3 Ng4 8. Qxg4 Nxd4 9. Qd1 e5 10. Bd3 0-0 11. Qd2 d6 12. 0-0 Be6 13. Rad1 Rc8 14. b3 Qa5 15. Ne2 Qxd2 16. Rxd2 Nc6 17. Bb1 Rfd8 18. Rfd1 Bf8 19. Nc3 a6 20. Nd5 Bxd5 21. cxd5 Nb8 22. Rc2 Rxc2 23. Bxc2 Rc8 24. Rc1 Nd7 25. Bb1 Rxc1+ 26. Bxc1 Be7 27. Ba3 Kf8 28. Kf1 Ke8 29. Ke2 Kd8 30. Bc1 Kc7 31. b4 b5 32. Bc2 Kb7 33. g3 Bd8 1/2-1/2

[Event "CAN-ch U18"]
[Site "Montreal"]
[Date "2014.07.16"]
[Round "4"]
[White "Itkin, David"]
[Black "Knox, Christopher"]
[Result "0-1"]
[WhiteElo "2233"]
[BlackElo "2294"]
[PlyCount "80"]
[EventDate "2014.07.15"]
[EventType "swiss"]
[EventRounds "7"]
[EventCountry "CAN"]
[SourceTitle "EXT 2022"]
[Source "ChessBase"]
[SourceDate "2021.10.06"]
[SourceVersion "1"]
[SourceVersionDate "2021.10.06"]
[SourceQuality "1"]

1. e4 g6 2. d4 c6 3. Be3 d5 4. e5 Bg7 5. Bd3 Bf5 6. Bxf5 gxf5 7. Nh3 e6 8. Qh5 Ne7 9. Bh6 Bxh6 10. Qxh6 Ng6 11. Ng5 Qe7 12. c3 Nd7 13. Na3 0-0-0 14. 0-0-0 f6 15. exf6 Nxf6 16. Nh3 Ne4 17. Qe3 f4 18. Qd3 Rhf8 19. f3 Nd6 20. Rhe1 Nf5 21. Nc2 Rde8 22. c4 Kb8 23. cxd5 cxd5 24. Kb1 Rc8 25. Qd2 Nfh4 26. Re2 Rc6 27. Nb4 Rd6 28. Nd3 Qf6 29. Nhf2 Qxd4 30. Ng4 Nf5 31. Qe1 Qb6 32. Qc3 Rc8 33. Qa3 Nd4 34. Red2 Nf5 35. Re2 h5 36. Nge5 Nxe5 37. Rxe5 Rdc6 38. Nxf4 Qf2 39. Re2 Qh4 40. Nxe6 Qc4 0-1

[Event "Toronto NAYCC U18"]
[Site "Toronto"]
[Date "2013.08.18"]
[Round "8"]
[White "Sohal, Tanraj"]
[Black "Knox, Christopher"]
[Result "1-0"]
[WhiteElo "2265"]
[BlackElo "2319"]
[PlyCount "73"]
[EventDate "2013.08.14"]
[EventType "swiss"]
[EventRounds "9"]
[EventCountry "CAN"]
[SourceTitle "EXT 2022"]
[Source "ChessBase"]
[SourceDate "2021.10.06"]
[SourceVersion "1"]
[SourceVersionDate "2021.10.06"]
[SourceQuality "1"]

1. d4 Nf6 2. Nf3 e6 3. g3 b6 4. Bg2 d5 5. 0-0 Be7 6. c4 c6 7. Ne5 0-0 8. Nc3 Ba6 9. Bf4 Qc8 10. cxd5 cxd5 11. Rc1 Qb7 12. Re1 Nbd7 13. Nc6 Bd8 14. Nxd8 Raxd8 15. e4 b5 16. e5 Ne8 17. Bg5 Rc8 18. Be7 Nb6 19. Bxf8 Kxf8 20. b3 b4 21. Nb1 Bb5 22. Qd2 a5 23. a3 bxa3 24. Nxa3 Qa6 25. Rxc8 Nxc8 26. Qc3 Ne7 27. Qc5 Bd3 28. Bf1 Bxf1 29. Rxf1 f5 30. Nb5 f4 31. Rc1 Kf7 32. Nd6+ Nxd6 33. exd6 Nf5 34. d7 Qd3 35. d8Q Nxd4 36. Qcc7+ Kg6 37. Qe8+ 1-0

[Event "Toronto NAYCC U18"]
[Site "Toronto"]
[Date "2013.08.16"]
[Round "5"]
[White "Itkin, David"]
[Black "Knox, Christopher"]
[Result "0-1"]
[WhiteElo "2182"]
[BlackElo "2319"]
[PlyCount "95"]
[EventDate "2013.08.14"]
[EventType "swiss"]
[EventRounds "9"]
[EventCountry "CAN"]
[SourceTitle "EXT 2022"]
[Source "ChessBase"]
[SourceDate "2021.10.06"]
[SourceVersion "1"]
[SourceVersionDate "2021.10.06"]
[SourceQuality "1"]

1. e4 c5 2. Nc3 Nc6 3. Nf3 g6 4. d4 cxd4 5. Nxd4 Bg7 6. Be3 Nf6 7. Bc4 d6 8. h3 0-0 9. 0-0 Bd7 10. f4 Qb6 11. Qd3 Qa5 12. Bb3 Rac8 13. Rae1 Nb4 14. Qd2 Rxc3 15. bxc3 Na6 16. Bf2 Nc5 17. Bd5 Nxd5 18. exd5 Qxa2 19. Rxe7 Qxd5 20. Nb3 Qxd2 21. Nxd2 Bc6 22. Nc4 Bf6 23. Ree1 Bxc3 24. Rd1 Ne6 25. f5 Nf4 26. Bxa7 Nxg2 27. Nxd6 Nh4 28. fxg6 hxg6 29. Bc5 f5 30. Rb1 f4 31. Rb3 Bg7 32. Nxb7 Rf5 33. Be7 Bd4+ 34. Kh2 Re5 35. Rxf4 Re2+ 36. Kg3 Nf5+ 37. Rxf5 gxf5 38. Bd6 Rxc2 39. Kf4 Rf2+ 40. Kg5 Kg7 41. Bf4 Be4 42. Rg3 Bf6+ 43. Kh5+ Kh7 44. Bg5 Be5 45. Rb3 Rf3 46. Nc5 Bd4 47. Rxf3 Bxf3+ 48. Kh4 0-1

[Event "Toronto NAYCC U18"]
[Site "Toronto"]
[Date "2013.08.15"]
[Round "3"]
[White "Colas, Joshua"]
[Black "Knox, Christopher"]
[Result "1-0"]
[WhiteElo "2405"]
[BlackElo "2319"]
[PlyCount "105"]
[EventDate "2013.08.14"]
[EventType "swiss"]
[EventRounds "9"]
[EventCountry "CAN"]
[SourceTitle "EXT 2022"]
[Source "ChessBase"]
[SourceDate "2021.10.06"]
[SourceVersion "1"]
[SourceVersionDate "2021.10.06"]
[SourceQuality "1"]

1. d4 Nf6 2. c4 e6 3. Nf3 b6 4. g3 Bb4+ 5. Bd2 Bxd2+ 6. Qxd2 Ba6 7. Qc2 Bb7 8. Bg2 c5 9. 0-0 cxd4 10. Nxd4 Bxg2 11. Kxg2 Qc7 12. Nd2 0-0 13. e4 a6 14. Rac1 d6 15. h3 Nbd7 16. Qd3 Qb7 17. Rfe1 Rac8 18. b4 Rc7 19. f4 Rfc8 20. N4b3 d5 21. cxd5 exd5 22. e5 Ne4 23. Nxe4 dxe4 24. Rxc7 Rxc7 25. Qxe4 Rc2+ 26. Kg1 Qxe4 27. Rxe4 Rxa2 28. Rd4 Nf8 29. Rd8 g6 30. Nd4 Kg7 31. f5 gxf5 32. Nxf5+ Kg8 33. Rb8 Re2 34. Rxb6 Rxe5 35. g4 Rb5 36. Rxb5 axb5 37. Nd4 Ng6 38. Nxb5 Nf4 39. Nd6 Nxh3+ 40. Kg2 Nf4+ 41. Kf3 Ne6 42. b5 Kg7 43. b6 Nd8 44. Kf4 Kg6 45. Nf5 Ne6+ 46. Ke5 Kg5 47. Kd6 Nd8 48. Nd4 Nb7+ 49. Kc7 Na5 50. Nc6 Nb3 51. Kd6 Nd2 52. b7 Ne4+ 53. Ke7 1-0

[Event "Toronto NAYCC U18"]
[Site "Toronto"]
[Date "2013.08.15"]
[Round "2"]
[White "Ivanov, Mike"]
[Black "Knox, Christopher"]
[Result "0-1"]
[WhiteElo "2202"]
[BlackElo "2319"]
[PlyCount "106"]
[EventDate "2013.08.14"]
[EventType "swiss"]
[EventRounds "9"]
[EventCountry "CAN"]
[SourceTitle "EXT 2022"]
[Source "ChessBase"]
[SourceDate "2021.10.06"]
[SourceVersion "1"]
[SourceVersionDate "2021.10.06"]
[SourceQuality "1"]

1. e4 c5 2. Nc3 Nc6 3. g3 g6 4. Bg2 Bg7 5. d3 d6 6. Be3 Nd4 7. Nce2 Nxe2 8. Nxe2 Bxb2 9. Rb1 Bg7 10. 0-0 e5 11. f4 Ne7 12. fxe5 Bxe5 13. c3 0-0 14. d4 cxd4 15. cxd4 Bg7 16. Qb3 b6 17. e5 Be6 18. d5 Bg4 19. exd6 Nf5 20. Nf4 Nxe3 21. Qxe3 Qxd6 22. Rbc1 Rac8 23. Rfe1 Bf6 24. Kh1 Bd7 25. Qf3 Rxc1 26. Rxc1 Rc8 27. Rxc8+ Bxc8 28. Nd3 Bb7 29. a4 a6 30. Qe4 Kg7 31. Qc4 Qa3 32. Be4 Qc3 33. Qxc3 Bxc3 34. Kg2 f5 35. Bf3 Kf6 36. Kf2 Bd4+ 37. Ke2 a5 38. h4 Bc8 39. Kd2 Bd7 40. Bd1 Ke7 41. Bb3 Kd6 42. Ke2 Bc8 43. Bc4 Bb7 44. Nf4 Be5 45. Ke3 Bxf4+ 46. Kxf4 Bxd5 47. Bd3 Bb3 48. Bb5 Kc5 49. Kg5 Kb4 50. Kh6 Bxa4 51. Bd3 Bd1 52. Kxh7 Bh5 53. g4 fxg4 0-1